[Event "Luxembourg-chT 1112"]
[Site "Luxembourg"]
[Date "2012.02.10"]
[Round "5"]
[White "Corbin, Paul"]
[Black "Blaeser, Pierre"]
[Result "1/2-1/2"]
[WhiteElo "1993"]
[BlackElo "2223"]
[PlyCount "22"]
[EventDate "2011.10.??"]
[EventType "team-tourn"]
[EventRounds "10"]
[EventCountry "LUX"]
[SourceTitle "EXT 2017"]
[Source "ChessBase"]
[SourceDate "2016.10.25"]
[SourceVersion "1"]
[SourceVersionDate "2016.10.25"]
[SourceQuality "1"]

1. e4 Nc6 2. d4 e5 3. d5 Nce7 4. Nf3 Ng6 5. h4 Bc5 6. h5 Nf8 7. Nc3 d6 8. Qd3 Nd7 9. Bg5 f6 10. Bd2 Ne7 11. g4 0-0 1/2-1/2

[Event "Luxembourg-chT 1112"]
[Site "Luxembourg"]
[Date "2012.01.10"]
[Round "4"]
[White "Corbin, Paul"]
[Black "Barthel, Ansgar"]
[Result "0-1"]
[WhiteElo "1993"]
[BlackElo "2245"]
[PlyCount "85"]
[EventDate "2011.10.??"]
[EventType "team-tourn"]
[EventRounds "10"]
[EventCountry "LUX"]
[SourceTitle "EXT 2017"]
[Source "ChessBase"]
[SourceDate "2016.10.25"]
[SourceVersion "1"]
[SourceVersionDate "2016.10.25"]
[SourceQuality "1"]

1. e4 Nf6 2. e5 Nd5 3. d4 d6 4. c4 Nb6 5. f4 dxe5 6. fxe5 c5 7. d5 g6 8. Nc3 Bg7 9. Bf4 0-0 10. Qd2 e6 11. 0-0-0 exd5 12. cxd5 Re8 13. Re1 Bf5 14. Bb5 N8d7 15. Nf3 a6 16. Bxd7 Qxd7 17. h3 c4 18. d6 Na4 19. Nd4 Nc5 20. Re3 Nd3+ 21. Rxd3 Bxd3 22. Re1 b5 23. Nd5 Qb7 24. Nc7 Rad8 25. Nxe8 Rxe8 26. a3 Qd5 27. Nf3 Rc8 28. Qc3 a5 29. Qd4 Qb7 30. Bg5 Bf5 31. Bf6 Bh6+ 32. Bg5 Bxg5+ 33. Nxg5 Qxg2 34. Ne4 c3 35. bxc3 Bxe4 36. Rxe4 Qxh3 37. Re3 Qf1+ 38. Kd2 Qf2+ 39. Re2 Qf5 40. Qa7 Qg5+ 41. Kc2 b4 42. axb4 axb4 43. Re3 0-1

[Event "EU-Cup 23rd"]
[Site "Kemer"]
[Date "2007.10.03"]
[Round "1.5"]
[White "Levacic, Damir"]
[Black "Corbin, Paul"]
[Result "1-0"]
[WhiteElo "2253"]
[BlackElo "2014"]
[PlyCount "49"]
[EventDate "2007.10.03"]
[EventType "team-swiss"]
[EventRounds "7"]
[EventCountry "TUR"]
[SourceTitle "CBM 121"]
[Source "ChessBase"]
[SourceDate "2007.11.14"]
[SourceVersion "1"]
[SourceVersionDate "2007.11.14"]
[SourceQuality "1"]
[WhiteTeam "Cannes"]
[BlackTeam "Echternach Sprenger"]
[WhiteTeamCountry "FRA"]
[BlackTeamCountry "LUX"]

1. d4 g6 2. e4 d6 3. Nf3 Bg7 4. Be2 Nf6 5. Nc3 0-0 6. 0-0 c6 7. h3 Qc7 8. Bf4 Nbd7 9. e5 Nd5 10. Nxd5 cxd5 11. exd6 exd6 12. c3 Nb6 13. Re1 Bd7 14. Qb3 Rfe8 15. Qa3 Bf8 16. Nd2 Nc4 17. Bxc4 Rxe1+ 18. Rxe1 dxc4 19. Ne4 Be6 20. d5 Bf5 21. Bxd6 Bxe4 22. Bxc7 Bxa3 23. Rxe4 Bxb2 24. d6 Bxc3 25. d7 1-0

[Event "EU-Cup 22nd"]
[Site "Fuegen"]
[Date "2006.10.09"]
[Round "2.5"]
[White "Le Quang, Kim"]
[Black "Corbin, Paul"]
[Result "1-0"]
[WhiteElo "2305"]
[BlackElo "2089"]
[PlyCount "83"]
[EventDate "2006.10.08"]
[EventType "team-swiss"]
[EventRounds "7"]
[EventCountry "AUT"]
[SourceTitle "CBM 115"]
[Source "ChessBase"]
[SourceDate "2006.11.15"]
[SourceVersion "1"]
[SourceVersionDate "2006.11.15"]
[SourceQuality "1"]
[WhiteTeam "Charleroi CREC"]
[BlackTeam "Echternach Sprenger"]
[WhiteTeamCountry "BEL"]
[BlackTeamCountry "LUX"]

1. e4 c5 2. Nf3 e6 3. d4 cxd4 4. Nxd4 a6 5. Bd3 Nf6 6. 0-0 Qc7 7. Qe2 d6 8. c4 e5 9. Nc2 Bg4 10. f3 Be6 11. Nc3 Nbd7 12. Be3 Rc8 13. Nd5 Bxd5 14. cxd5 Be7 15. Rfc1 Qb8 16. b4 0-0 17. a4 Rc3 18. Na3 Rxc1+ 19. Rxc1 Rc8 20. Rb1 Bd8 21. a5 Qa8 22. Nc4 Ne8 23. g3 g6 24. Kg2 Kg7 25. Qf2 f6 26. h4 h5 27. g4 f5 28. gxf5 gxf5 29. exf5 b5 30. Qg3+ Kh8 31. Qg6 Ndf6 32. Qh6+ Kg8 33. Nb6 Bxb6 34. axb6 Qxd5 35. b7 Qxb7 36. Kf2 Qh7 37. Rg1+ Kf7 38. Qg5 d5 39. Bc5 e4 40. fxe4 dxe4 41. Bb1 Rd8 42. Ba2+ 1-0

[Event "EU-Cup 19th"]
[Site "Rethymno"]
[Date "2003.10.02"]
[Round "5.6"]
[White "Corbin, Paul"]
[Black "Babula, Milan"]
[Result "0-1"]
[WhiteElo "2235"]
[BlackElo "2329"]
[PlyCount "114"]
[EventDate "2003.09.28"]
[EventType "team-swiss"]
[EventRounds "7"]
[EventCountry "GRE"]
[SourceTitle "CBM 098"]
[Source "ChessBase"]
[SourceDate "2004.02.03"]
[SourceVersion "1"]
[SourceVersionDate "2004.02.03"]
[SourceQuality "1"]
[WhiteTeam "Echternach Sprenger"]
[BlackTeam "Trinec"]
[WhiteTeamCountry "LUX"]
[BlackTeamCountry "CZE"]

1. e4 Nc6 2. Nf3 e6 3. d4 d5 4. e5 f6 5. exf6 Nxf6 6. c3 Bd6 7. Bd3 0-0 8. Bg5 e5 9. dxe5 Nxe5 10. Nxe5 Bxe5 11. Qd2 h6 12. Bh4 Qd6 13. Bg3 Ng4 14. 0-0 Bxg3 15. hxg3 Bf5 16. Be2 Nf6 17. Bf3 Rad8 18. Na3 Qb6 19. Rad1 Be4 20. Qc1 c5 21. Nc2 Bxf3 22. gxf3 d4 23. cxd4 cxd4 24. Ne1 Qb5 25. Rd3 Rd5 26. Qd2 Rfd8 27. Nc2 Qxb2 28. Rd1 Qxa2 29. Ra3 Qb2 30. Rxa7 Rc8 31. Nb4 Qxd2 32. Rxd2 Rd7 33. Kg2 Kf7 34. Nd3 Re7 35. Rb2 Rcc7 36. g4 Ke6 37. Nf4+ Kd6 38. Rb4 Rcd7 39. Rxd4+ Kc5 40. Rxd7 Rxd7 41. Kf1 g5 42. Ng2 Rd1+ 43. Ke2 Rb1 44. Ne3 Rb2+ 45. Ke1 Nd5 46. Nxd5 Kxd5 47. Ra8 Kc4 48. Rh8 Rb6 49. Rf8 Kd3 50. Rd8+ Kc2 51. Kf1 Rf6 52. Kg2 Kc3 53. Rd5 Kc4 54. Re5 b5 55. Re4+ Kd5 56. Re3 b4 57. Kf1 Re6 0-1

[Event "Luxembourg-ch"]
[Site "Luxembourg"]
[Date "1999.04.06"]
[Round "4"]
[White "Corbin, Paul"]
[Black "Ludewig, Robert"]
[Result "1-0"]
[WhiteElo "2068"]
[BlackElo "1901"]
[PlyCount "97"]
[EventDate "1999.04.03"]
[EventType "swiss"]
[EventRounds "9"]
[EventCountry "LUX"]
[SourceTitle "EXT 2005"]
[Source "ChessBase"]
[SourceDate "2004.11.15"]
[SourceVersion "1"]
[SourceVersionDate "2004.11.15"]
[SourceQuality "1"]

1. d4 Nf6 2. c4 c5 3. Nf3 cxd4 4. Nxd4 Nc6 5. Nc3 g6 6. e4 Bg7 7. Be3 d6 8. Be2 Bd7 9. f3 0-0 10. Qd2 Nxd4 11. Bxd4 a6 12. 0-0 Bc6 13. Rfd1 Qa5 14. Nd5 Qd8 15. Nxf6+ exf6 16. Be3 Re8 17. Bd3 Qe7 18. Bb6 f5 19. exf5 Qf6 20. Rab1 d5 21. fxg6 hxg6 22. Qf2 Re6 23. Bf1 dxc4 24. Bd4 Qf4 25. Bxc4 Re7 26. Bxg7 Kxg7 27. Qd4+ Qxd4+ 28. Rxd4 Rae8 29. Kf2 Kf6 30. Rd2 Kg7 31. Rbd1 Kf8 32. Rd8 Kg7 33. Rxe8 Rxe8 34. Rd2 Kf6 35. Rd4 Re7 36. Rf4+ Kg7 37. h4 Rd7 38. Ke3 f5 39. Rd4 Re7+ 40. Kf4 Kf6 41. Rd6+ Kg7 42. Kg5 Be8 43. Re6 Rxe6 44. Bxe6 Bc6 45. h5 gxh5 46. Bxf5 Bd5 47. a3 Bf7 48. Bc8 Bd5 49. Kxh5 1-0

[Event "Luxembourg-ch"]
[Site "Luxembourg"]
[Date "1999.04.05"]
[Round "3"]
[White "Feller, Joseph"]
[Black "Corbin, Paul"]
[Result "1-0"]
[WhiteElo "2230"]
[BlackElo "2068"]
[PlyCount "79"]
[EventDate "1999.04.03"]
[EventType "swiss"]
[EventRounds "9"]
[EventCountry "LUX"]
[SourceTitle "EXT 2005"]
[Source "ChessBase"]
[SourceDate "2004.11.15"]
[SourceVersion "1"]
[SourceVersionDate "2004.11.15"]
[SourceQuality "1"]

1. e4 d5 2. exd5 Qxd5 3. Nc3 Qa5 4. d4 Nf6 5. Nf3 c6 6. Bd2 Bf5 7. Ne5 e6 8. g4 Bg6 9. h4 Bb4 10. Bg2 Bxc3 11. Bxc3 Qa6 12. f3 h5 13. Nxg6 fxg6 14. Bf1 Qb6 15. Bd3 Kf7 16. Qe2 Nbd7 17. 0-0-0 Rae8 18. gxh5 Rxh5 19. Rhg1 Nf8 20. Qg2 Rf5 21. Bxf5 exf5 22. Rde1 Rxe1+ 23. Rxe1 Nd5 24. Qe2 Qd8 25. Qh2 Ne6 26. Qe5 Ndc7 27. Rh1 Qd5 28. Qxd5 Nxd5 29. h5 Nef4 30. hxg6+ Nxg6 31. Bd2 b5 32. c3 Kf6 33. Kc2 Nb6 34. b3 a5 35. Rg1 f4 36. Kd3 a4 37. c4 axb3 38. axb3 bxc4+ 39. bxc4 Kf5 40. Ra1 1-0

[Event "Luxembourg-chT 9899"]
[Site "Luxembourg"]
[Date "1999.01.24"]
[Round "7"]
[White "Peiffer, Joe"]
[Black "Corbin, Paul"]
[Result "0-1"]
[WhiteElo "1910"]
[BlackElo "1990"]
[PlyCount "74"]
[EventDate "1998.10.08"]
[EventType "team"]
[EventRounds "10"]
[EventCountry "LUX"]
[SourceTitle "EXT 2005"]
[Source "ChessBase"]
[SourceDate "2004.11.15"]
[SourceVersion "1"]
[SourceVersionDate "2004.11.15"]
[SourceQuality "1"]

1. e4 g6 2. d4 Bg7 3. Nc3 d6 4. Bc4 Nf6 5. Qe2 0-0 6. e5 dxe5 7. dxe5 Nfd7 8. e6 Ne5 9. exf7+ Kh8 10. Bb3 Nbc6 11. Be3 Nd4 12. Bxd4 Qxd4 13. Rd1 Qb6 14. Nd5 Qa5+ 15. Qd2 Qc5 16. Qe3 Qxe3+ 17. Nxe3 Nxf7 18. c3 Nd6 19. Nf3 a5 20. a4 Bd7 21. 0-0 b5 22. axb5 Bxb5 23. Rfe1 a4 24. Be6 a3 25. Nd4 axb2 26. Rb1 Bd3 27. Rxb2 c5 28. Ne2 Bxe2 29. Rbxe2 Bxc3 30. Rc1 Ra1 31. Rxa1 Bxa1 32. Ra2 Bd4 33. Ra7 c4 34. Rc7 c3 35. Bb3 Rb8 36. Bc2 Rb2 37. Rxe7 Bxe3 0-1

[Event "Luxembourg-chT 9899"]
[Site "Luxembourg"]
[Date "1998.10.25"]
[Round "2"]
[White "Paulus, Sammy"]
[Black "Corbin, Paul"]
[Result "0-1"]
[WhiteElo "1920"]
[BlackElo "1990"]
[PlyCount "42"]
[EventDate "1998.10.08"]
[EventType "team"]
[EventRounds "10"]
[EventCountry "LUX"]
[SourceTitle "EXT 2005"]
[Source "ChessBase"]
[SourceDate "2004.11.15"]
[SourceVersion "1"]
[SourceVersionDate "2004.11.15"]
[SourceQuality "1"]

1. d4 g6 2. c4 Bg7 3. e4 d6 4. f3 Nc6 5. Be3 e5 6. d5 Nce7 7. Nc3 f5 8. exf5 gxf5 9. Bd3 Nf6 10. Qc2 0-0 11. Nge2 c6 12. dxc6 bxc6 13. Bg5 Be6 14. Ng3 Qd7 15. 0-0 Rab8 16. Rfe1 h6 17. Bh4 Kh8 18. c5 dxc5 19. Rad1 Qd4+ 20. Kh1 Qxh4 21. Rxe5 Ng4 0-1